| Tag |
First Indicator |
Second Indicator |
Subfields |
| LEADER |
00000cam a2200000 a 4500 |
| 001 |
in00002662821 |
| 005 |
20211002184553.0 |
| 006 |
m d f |
| 007 |
cr bn||||||||| |
| 008 |
100630s2010 dcua o f000 0 eng c |
| 035 |
|
|
|a (OCoLC)ocn645123137
|
| 040 |
|
|
|a GPO
|c GPO
|d GPO
|d MvI
|d UtOrBLW
|
| 042 |
|
|
|a pcc
|
| 043 |
|
|
|a n-us---
|
| 049 |
|
|
|a WWW
|
| 050 |
1 |
4 |
|a KF25
|b .E2 2009r
|
| 074 |
|
|
|a 1000-D (online)
|
| 086 |
0 |
|
|a Y 4.EC 7:S.HRG.111-438
|
| 110 |
1 |
|
|a United States.
|b Congress.
|b Joint Economic Committee.
|
| 245 |
1 |
4 |
|a The employment situation :
|b September 2009 : hearing before the Joint Economic Committee, Congress of the United States, One Hundred Eleventh Congress, first session, October 2, 2009.
|
| 264 |
|
1 |
|a Washington :
|b U.S. G.P.O.,
|c 2010.
|
| 300 |
|
|
|a 1 online resource (iii, 62 pages) :
|b illustrations
|
| 336 |
|
|
|a text
|b txt
|2 rdacontent
|
| 337 |
|
|
|a computer
|b c
|2 rdamedia
|
| 338 |
|
|
|a online resource
|b cr
|2 rdacarrier
|
| 490 |
1 |
|
|a S. hrg. ;
|v 111-438
|
| 500 |
|
|
|a Title from title screen (viewed on June 30, 2010).
|
| 500 |
|
|
|a Electronic resource.
|
| 650 |
|
0 |
|a Unemployment
|z United States.
|
| 650 |
|
0 |
|a Labor market
|z United States.
|
| 650 |
|
0 |
|a Manpower policy
|z United States.
|
| 776 |
0 |
8 |
|i Print version:
|a United States. Congress. Joint Economic Committee.
|t Employment situation : September 2009
|h iii, 62 p.
|w (OCoLC)641702134
|
| 776 |
0 |
8 |
|i Microfiche:
|a United States. Congress. Joint Economic Committee.
|t Employment situation : September 2009
|h iii, 62 p.
|w (OCoLC)681936888
|
| 810 |
1 |
|
|a United States.
|b Congress.
|b Senate.
|t S. hrg. ;
|v 111-438.
|
| 856 |
4 |
0 |
|u https://purl.fdlp.gov/GPO/LPS123365
|t 0
|
| 999 |
|
|
|a MARS
|
| 999 |
f |
f |
|s 2fe0c2b0-0ca1-3a21-af59-4f7c6c5c4bcb
|i 0e0270eb-d988-3868-9b02-3bfb47fb592b
|t 0
|
| 952 |
f |
f |
|a Texas A&M University
|b College Station
|c Electronic Resources
|d Available Online
|t 0
|e Y 4.EC 7:S.HRG.111-438
|h Superintendent of Documents classification
|
| 998 |
f |
f |
|a Y 4.EC 7:S.HRG.111-438
|t 0
|l Available Online
|